[Event "Thüringenliga 2012/2013"]
[Site "?"]
[Date "2012.09.23"]
[Round "1"]
[White "Goemann, Jens"]
[Black "du Maire, Jérôme"]
[Result "0-1"]
[WhiteElo "2103"]
[BlackElo "2015"]
[PlyCount "88"]
[EventDate "2012.??.??"]
[WhiteTeam "TSG Apolda"]
[BlackTeam "SV 1861 Liebschwitz"]

1. d4 d5 2. Nc3 e6 3. e4 Nc6 4. Nf3 Nf6 5. Bg5 Be7 6. Bxf6 Bxf6 7. e5 Be7 8. a3
Bd7 9. Bd3 Na5 10. Qe2 b6 11. b4 Nb7 12. Rb1 a5 13. O-O O-O 14. Ba6 Qb8 15. Bd3
Qc8 16. Nd1 axb4 17. axb4 c5 18. c3 c4 19. Bc2 Ba4 20. Ne3 Bxc2 21. Qxc2 f5 22.
exf6 gxf6 23. Ra1 Qd7 24. Ng4 Nd6 25. h3 Nb5 26. Qd2 Qe8 27. Rxa8 Qxa8 28. Qe3
Nc7 29. Qf4 Qd8 30. Re1 Bd6 31. Nh6+ Kg7 32. Qe3 f5 33. Ng5 Rf6 34. Ngf7 Rxf7
35. Nxf7 Kxf7 36. g4 Qg8 37. f3 h5 38. Qe2 Qg5 39. Kh1 Ke7 40. Rg1 Qh4 41. Qg2
hxg4 42. fxg4 fxg4 43. Qxg4 Qxg4 44. Rxg4 e5 0-1

[Event "Thüringenliga 2012/2013"]
[Site "?"]
[Date "2012.09.23"]
[Round "1"]
[White "Hermannsdörfer, Frank"]
[Black "Rohmeiß, Roberto"]
[Result "1/2-1/2"]
[WhiteElo "2137"]
[BlackElo "2032"]
[PlyCount "138"]
[EventDate "2012.??.??"]
[WhiteTeam "SV 1861 Liebschwitz"]
[BlackTeam "TSG Apolda"]

1. b3 Nf6 2. Bb2 d5 3. e3 g6 4. Bxf6 exf6 5. d4 Bg7 6. g3 c6 7. Bg2 Nd7 8. c4
dxc4 9. bxc4 f5 10. Ne2 O-O 11. Nbc3 Nb6 12. c5 Nd7 13. Rb1 Nf6 14. O-O Qc7 15.
Qa4 Bd7 16. Rfc1 Rfe8 17. Qc2 Rad8 18. Rb2 Bc8 19. Qa4 a6 20. Qc2 h5 21. h4 Ng4
22. Nd1 Qe7 23. Qb3 g5 24. hxg5 Qxg5 25. Qb6 Rd7 26. Qa7 Bxd4 27. Nxd4 Rxd4 28.
Rbc2 Rdd8 29. Qb8 h4 30. gxh4 Qxh4 31. Qf4 Qh5 32. f3 Ne5 33. Qg3+ Qg6 34.
Qxg6+ fxg6 35. Nf2 Kf7 36. Rb1 Kf6 37. f4 Nd3 38. Nd1 Ne1 39. Rcb2 Nxg2 40.
Kxg2 Rd5 41. Rc1 Re7 42. Kf2 Rh7 43. Ke2 Rh1 44. Rbc2 Rh2+ 45. Nf2 Be6 46. Rh1
Rxh1 47. Nxh1 Rd7 48. Nf2 Bd5 49. Rb2 Bc4+ 50. Ke1 Bb5 51. Rc2 Ke6 52. Rb2 Rd5
53. Rc2 Kd7 54. Rc3 Kc7 55. Nd1 b6 56. cxb6+ Kxb6 57. Nb2 a5 58. a4 Ba6 59.
Rb3+ Kc7 60. Rc3 Rd8 61. Rc5 Kb6 62. Re5 Rh8 63. Kd2 Rh2+ 64. Kc3 Rh1 65. Re6
Rg1 66. Rf6 Kc5 67. Re6 Rc1+ 68. Kd2 Rg1 69. Kc3 Rc1+ 1/2-1/2

[Event "Thüringenliga 2012/2013"]
[Site "?"]
[Date "2012.09.23"]
[Round "1"]
[White "Maiwald, Harald"]
[Black "Zeidler, Andreas"]
[Result "0-1"]
[WhiteElo "1989"]
[BlackElo "2104"]
[PlyCount "128"]
[EventDate "2012.??.??"]
[WhiteTeam "TSG Apolda"]
[BlackTeam "SV 1861 Liebschwitz"]

1. Nf3 d5 2. d4 Nf6 3. c4 c6 4. Nc3 e6 5. e3 Nbd7 6. Bd3 dxc4 7. Bxc4 b5 8. Bd3
Bb7 9. O-O a6 10. Qe2 c5 11. Rd1 Qc7 12. e4 cxd4 13. Nxd4 Bc5 14. Nb3 Be7 15.
Bg5 b4 16. Nb1 h6 17. Bh4 Bd6 18. Bg3 Bxg3 19. hxg3 Ne5 20. N1d2 Nxd3 21. Qxd3
Rd8 22. Qe3 O-O 23. Rac1 Qe5 24. Qb6 Bxe4 25. Nxe4 Rxd1+ 26. Rxd1 Qxe4 27. Qxa6
Qc2 28. Rd4 Qb1+ 29. Qf1 Qxb2 30. Rxb4 Qxa2 31. Nc1 Qd2 32. Rb1 Rc8 33. Nd3 Nd5
34. Rb2 Qg5 35. Rb1 Qg4 36. Ne5 Qe4 37. Re1 Qd4 38. Qe2 Rc7 39. Nf3 Qg4 40. Qd2
Qa4 41. Rc1 Rxc1+ 42. Qxc1 Qe4 43. Qc8+ Kh7 44. Qc1 e5 45. Nd2 Qd3 46. Qe1 f6
47. Qe4+ Qxe4 48. Nxe4 f5 49. Nd6 Kg6 50. Kf1 Kf6 51. Nc4 Ke6 52. Ke2 Nf6 53.
Nd2 Kd5 54. Nf1 Ng4 55. Nd2 g5 56. Nb1 e4 57. Nc3+ Ke5 58. Nd1 Kd4 59. Nb2 Ne5
60. Nd1 Nc4 61. f3 e3 62. f4 g4 63. Kf1 Kd3 64. Ke1 h5 0-1

[Event "Thüringenliga 2012/2013"]
[Site "?"]
[Date "2012.09.23"]
[Round "1"]
[White "Gerhardt, Frank"]
[Black "Schmidt, Matthias"]
[Result "1/2-1/2"]
[WhiteElo "2014"]
[BlackElo "1946"]
[PlyCount "81"]
[EventDate "2012.??.??"]
[WhiteTeam "SV 1861 Liebschwitz"]
[BlackTeam "TSG Apolda"]

1. e4 g6 2. d4 Bg7 3. Nc3 d6 4. Nf3 Nc6 5. h3 e5 6. Be3 exd4 7. Nxd4 Nge7 8.
Bc4 O-O 9. a3 Nxd4 10. Bxd4 Bxd4 11. Qxd4 Nc6 12. Qd2 Be6 13. Be2 Qf6 14. O-O
Qd4 15. Rad1 Qxd2 16. Rxd2 a6 17. Nd5 Bxd5 18. exd5 Ne5 19. Rdd1 Rfe8 20. Rfe1
Nd7 21. f4 Nf6 22. Bf3 Kf8 23. Kf2 Rxe1 24. Rxe1 Re8 25. Rxe8+ Kxe8 26. b4 Kd8
27. Ke3 Ng8 28. g4 Ne7 29. c4 f6 30. Be2 Kc8 31. Bd3 h6 32. Kd4 g5 33. fxg5
fxg5 34. a4 b6 35. a5 Kb7 36. axb6 Kxb6 37. c5+ Kb7 38. Be4 Ka7 39. Bd3 Kb7 40.
Be4 Ka7 41. Bd3 1/2-1/2

[Event "Thüringenliga 2012/2013"]
[Site "?"]
[Date "2012.09.23"]
[Round "1"]
[White "Steiger, Jürgen"]
[Black "Kastner, Peter"]
[Result "1/2-1/2"]
[WhiteElo "1980"]
[BlackElo "1963"]
[PlyCount "52"]
[EventDate "2012.??.??"]
[WhiteTeam "TSG Apolda"]
[BlackTeam "SV 1861 Liebschwitz"]

1. e4 c5 2. Nc3 Nc6 3. g3 g6 4. Bg2 Bg7 5. Nge2 d6 6. d3 e6 7. Be3 Nd4 8. O-O
Rb8 9. Nf4 Ne7 10. Qd2 b5 11. Nd1 b4 12. c3 bxc3 13. bxc3 Ndc6 14. Ne2 O-O 15.
Bh6 Ba6 16. Bxg7 Kxg7 17. Ne3 Qb6 18. Rfd1 Qb2 19. Nf4 Qxd2 20. Rxd2 Rb6 21. d4
cxd4 22. cxd4 Rfb8 23. Rad1 Na5 24. Bf1 Bxf1 25. Kxf1 Rc8 26. Ke2 Nc4 1/2-1/2

[Event "Thüringenliga 2012/2013"]
[Site "?"]
[Date "2012.09.23"]
[Round "1"]
[White "Weiß, Werner"]
[Black "Römer, Norbert"]
[Result "1-0"]
[WhiteElo "1997"]
[BlackElo "1881"]
[PlyCount "57"]
[EventDate "2012.??.??"]
[WhiteTeam "SV 1861 Liebschwitz"]
[BlackTeam "TSG Apolda"]

1. e4 c6 2. d3 d5 3. Nd2 e5 4. Ngf3 Bd6 5. g3 Nf6 6. Bg2 O-O 7. O-O Qc7 8. Nh4
Rd8 9. Qe2 Be6 10. Ndf3 h6 11. Nf5 dxe4 12. dxe4 Bf8 13. N3h4 Nbd7 14. f4 b5
15. b3 Kh7 16. Ne3 Nc5 17. Bb2 exf4 18. Bxf6 gxf6 19. gxf4 Bd6 20. Ng4 Be7 21.
f5 h5 22. Nxf6+ Bxf6 23. fxe6 Qe5 24. Nf5 Nxe6 25. Qxh5+ Kg8 26. Ne7+ Kf8 27.
Qxe5 Bxe5 28. Ng6+ Kg7 29. Nxe5 1-0

[Event "Thüringenliga 2012/2013"]
[Site "?"]
[Date "2012.09.23"]
[Round "1"]
[White "Einax, Claus-Dieter"]
[Black "Biel, Maik"]
[Result "1/2-1/2"]
[WhiteElo "1834"]
[BlackElo "1968"]
[PlyCount "69"]
[EventDate "2012.??.??"]
[WhiteTeam "TSG Apolda"]
[BlackTeam "SV 1861 Liebschwitz"]

1. Nf3 c5 2. c3 Nf6 3. d4 Qc7 4. g3 b6 5. Bg2 Bb7 6. O-O e6 7. Re1 d5 8. Bf4
Bd6 9. Bxd6 Qxd6 10. Nbd2 O-O 11. Ne5 cxd4 12. cxd4 Qb4 13. Ndc4 Qe7 14. Nd2
Qb4 15. Ndc4 Qe7 16. Nd2 Nc6 17. Nxc6 Bxc6 18. Rc1 Rfc8 19. Nf3 Qb4 20. Qd2 Qd6
21. Ne5 Bb7 22. Qf4 Qe7 23. f3 Ne8 24. Bh3 Nd6 25. Kf2 f6 26. Nd3 Rc4 27. Qe3
Re8 28. b3 Rxc1 29. Rxc1 Bc8 30. Nf4 f5 31. Qe5 Nf7 32. Qc7 Qb4 33. Qc3 Qe7 34.
Qc7 Qb4 35. Qc3 1/2-1/2

[Event "Thüringenliga 2012/2013"]
[Site "?"]
[Date "2012.09.23"]
[Round "1"]
[White "Meissner, Steffen"]
[Black "Krug, Klaus-Peter"]
[Result "0-1"]
[WhiteElo "1794"]
[BlackElo "1895"]
[PlyCount "52"]
[EventDate "2012.??.??"]
[WhiteTeam "SV 1861 Liebschwitz"]
[BlackTeam "TSG Apolda"]

1. e4 c5 2. Nf3 d6 3. d4 cxd4 4. Nxd4 Nf6 5. Nc3 g6 6. f3 a6 7. Be3 Bg7 8. Qd2
Nc6 9. O-O-O Nxd4 10. Bxd4 O-O 11. Kb1 Be6 12. Nd5 Bxd5 13. exd5 b5 14. h4 Ne8
15. h5 Bxd4 16. Qxd4 g5 17. f4 g4 18. f5 Nf6 19. Be2 Rc8 20. Rh4 Qc7 21. Bd3
Qc5 22. Rxg4+ Kh8 23. Rh4 Rg8 24. Qf4 Rxg2 25. Rc1 Rcg8 26. h6 Qxd5 0-1

[Event "Thüringenliga 2012/2013"]
[Site "?"]
[Date "2012.09.23"]
[Round "1"]
[White "Kottwitz, Daniel"]
[Black "Buckan, Jens"]
[Result "1/2-1/2"]
[WhiteElo "1887"]
[BlackElo "1965"]
[PlyCount "25"]
[EventDate "2012.??.??"]
[WhiteTeam "Schachzirkel Elstertal Langenberg"]
[BlackTeam "SV Empor Erfurt"]

1. e4 c5 2. Nf3 d6 3. c4 Nc6 4. d4 cxd4 5. Nxd4 Nf6 6. Nc3 e6 7. Be2 Be7 8. O-O
O-O 9. Be3 a6 10. Qd2 Qc7 11. f3 b6 12. Rac1 Bb7 13. Rfd1 1/2-1/2

[Event "Thüringenliga 2012/2013"]
[Site "?"]
[Date "2012.09.23"]
[Round "1"]
[White "Pichl, Michael"]
[Black "Sobolevsky, Leonid"]
[Result "0-1"]
[WhiteElo "1978"]
[BlackElo "2138"]
[PlyCount "72"]
[EventDate "2012.??.??"]
[WhiteTeam "SV Empor Erfurt"]
[BlackTeam "Schachzirkel Elstertal Langenberg"]

1. g3 e5 2. Bg2 d5 3. d3 Nc6 4. Nf3 Be7 5. O-O Nf6 6. c4 d4 7. b4 Bxb4 8. Nxe5
Nxe5 9. Qa4+ Nc6 10. Bxc6+ bxc6 11. Qxb4 Qd6 12. c5 Qe5 13. Qb3 Qh5 14. Qa4 O-O
15. f3 Re8 16. Rf2 Qxc5 17. Bb2 Rd8 18. Nd2 Be6 19. Rc1 Qb5 20. Qa3 Rab8 21.
Ba1 Qb4 22. Qxb4 Rxb4 23. a3 Ra4 24. Bb2 Rb8 25. Rc2 Nd5 26. Nc4 c5 27. Rf1
Rxc4 28. dxc4 Ne3 29. Rfc1 Nxc2 30. Rxc2 Kf8 31. Bc1 Rb3 32. Kf2 Ke7 33. Ke1
Kd7 34. Kd2 Bf5 35. Ra2 Rc3 36. e4 Rxf3 0-1

[Event "Thüringenliga 2012/2013"]
[Site "?"]
[Date "2012.09.23"]
[Round "1"]
[White "Watzke, Birger"]
[Black "Taudte, Stefan"]
[Result "1-0"]
[WhiteElo "2154"]
[BlackElo "1979"]
[PlyCount "89"]
[EventDate "2012.??.??"]
[WhiteTeam "Schachzirkel Elstertal Langenberg"]
[BlackTeam "SV Empor Erfurt"]

1. c4 Nf6 2. g3 c5 3. Nf3 Nc6 4. d4 cxd4 5. Nxd4 g6 6. Bg2 Bg7 7. O-O O-O 8.
Nc3 Nxd4 9. Qxd4 d6 10. Qh4 Rb8 11. Bh6 Bd7 12. Bxg7 Kxg7 13. Qd4 Bc6 14. Qxa7
Bxg2 15. Kxg2 Qc7 16. Qd4 Rfc8 17. b3 Qc5 18. Rfd1 Qxd4 19. Rxd4 Ra8 20. a4 Nd7
21. Rb1 Kf8 22. f4 Nc5 23. Kf3 Ke8 24. Ke3 f5 25. Kd2 Rc6 26. Kc2 Rac8 27. e4
fxe4 28. Re1 Kf8 29. Nxe4 Nxe4 30. Rexe4 Rc5 31. Kb2 Kf7 32. Re2 R8c7 33. Red2
g5 34. fxg5 Rxg5 35. Rd5 Rg6 36. Ka3 Rf6 37. Kb4 Ke6 38. Kb5 Kd7 39. a5 Rc6 40.
b4 Rf1 41. Rh5 Rf7 42. Rd4 Kc7 43. Rf4 Rg7 44. Rfh4 b6 45. a6 1-0

[Event "Thüringenliga 2012/2013"]
[Site "?"]
[Date "2012.09.23"]
[Round "1"]
[White "Schmuck, Helmut"]
[Black "Frommelt, Hans-Jürgen"]
[Result "1/2-1/2"]
[WhiteElo "1924"]
[BlackElo "1965"]
[PlyCount "30"]
[EventDate "2012.??.??"]
[WhiteTeam "SV Empor Erfurt"]
[BlackTeam "Schachzirkel Elstertal Langenberg"]

1. c4 d6 2. d4 g6 3. Nc3 Bg7 4. e4 e5 5. d5 Nf6 6. Bd3 O-O 7. f3 Ne8 8. Be3 f5
9. Qd2 f4 10. Bf2 Nd7 11. O-O-O Ndf6 12. Nge2 a6 13. a3 Bd7 14. Kb1 Qb8 15. b4
b6 1/2-1/2

[Event "Thüringenliga 2012/2013"]
[Site "?"]
[Date "2012.09.23"]
[Round "1"]
[White "Streit, Michael"]
[Black "Michalowski, Peter"]
[Result "1/2-1/2"]
[WhiteElo "1893"]
[BlackElo "1956"]
[PlyCount "100"]
[EventDate "2012.??.??"]
[WhiteTeam "Schachzirkel Elstertal Langenberg"]
[BlackTeam "SV Empor Erfurt"]

1. e4 c5 2. Nf3 Nc6 3. Nc3 e5 4. Bc4 g6 5. d3 Bg7 6. Nd5 Nge7 7. Bg5 Qa5+ 8.
Bd2 Qd8 9. Bg5 Qa5+ 10. c3 Nxd5 11. Bxd5 d6 12. Qb3 Qc7 13. h4 h5 14. Be3 Na5
15. Qc2 Be6 16. Bxe6 fxe6 17. Ng5 Ke7 18. c4 Nc6 19. O-O Bf6 20. Nf3 Raf8 21.
Qd2 Kd7 22. a3 Qd8 23. b4 b6 24. Bg5 Nd4 25. Nxd4 Bxg5 26. hxg5 cxd4 27. a4 Qc7
28. b5 Ra8 29. a5 a6 30. Rfb1 Rhb8 31. bxa6 Rxa6 32. axb6 Raxb6 33. Rxb6 Rxb6
34. Qd1 Qb7 35. Rc1 Rb2 36. Qf3 Kc6 37. Qd1 Qb3 38. Qxb3 Rxb3 39. Rd1 Rb2 40.
Kf1 Kc5 41. Ke1 d5 42. cxd5 exd5 43. Rc1+ Kd6 44. exd5 Kxd5 45. Rc8 Rb6 46.
Rd8+ Ke6 47. Rf8 Ke7 48. Rf3 Re6 49. Kd2 Kd6 50. Rf8 Ke7 1/2-1/2

[Event "Thüringenliga 2012/2013"]
[Site "?"]
[Date "2012.09.23"]
[Round "1"]
[White "Wahlicht, Mike"]
[Black "Streit, Jürgen"]
[Result "1-0"]
[WhiteElo "1826"]
[BlackElo "1710"]
[PlyCount "83"]
[EventDate "2012.??.??"]
[WhiteTeam "SV Empor Erfurt"]
[BlackTeam "Schachzirkel Elstertal Langenberg"]

1. e4 c5 2. c3 d5 3. exd5 Qxd5 4. Nf3 e6 5. Na3 Nf6 6. d4 a6 7. Nc4 Qd8 8. Be2
b5 9. Nce5 Be7 10. O-O O-O 11. Be3 Qc7 12. Qc2 Bb7 13. Rfd1 cxd4 14. Bxd4 Nc6
15. Nxc6 Qxc6 16. Ne1 Rfd8 17. Bf3 Qc7 18. Rd3 Nd5 19. Rad1 Rac8 20. Qb1 Nf4
21. Bxb7 Qxb7 22. Re3 h6 23. Qe4 Qxe4 24. Rxe4 g5 25. Nd3 Nxd3 26. Rxd3 Bf6 27.
f4 Rd5 28. fxg5 hxg5 29. Rd2 b4 30. cxb4 Rc4 31. Bxf6 Rxe4 32. Rxd5 exd5 33.
Bxg5 Rxb4 34. b3 Kg7 35. Be7 Re4 36. Bc5 d4 37. Kf2 f5 38. a4 d3 39. Be3 f4 40.
Bc1 Re2+ 41. Kf1 d2 42. Bb2+ 1-0

[Event "Thüringenliga 2012/2013"]
[Site "?"]
[Date "2012.09.23"]
[Round "1"]
[White "Schaudin, Andreas"]
[Black "Renner, Wolfgang"]
[Result "1-0"]
[WhiteElo "1583"]
[BlackElo "1761"]
[PlyCount "67"]
[EventDate "2012.??.??"]
[WhiteTeam "Schachzirkel Elstertal Langenberg"]
[BlackTeam "SV Empor Erfurt"]

1. Nf3 Nf6 2. b3 d5 3. Bb2 c5 4. e3 Bf5 5. Bb5+ Nc6 6. Ne5 Qb6 7. Nc3 e6 8. g4
Bg6 9. h4 h5 10. Bxc6+ bxc6 11. Nxg6 fxg6 12. g5 Nd7 13. Qf3 Qc7 14. Qh3 Qd6
15. Ne2 O-O-O 16. O-O Re8 17. f4 Rg8 18. Rad1 Kb7 19. Nc1 Qc7 20. Nd3 Bd6 21.
c4 e5 22. fxe5 Nxe5 23. Bxe5 Bxe5 24. Nxc5+ Kb6 25. d4 Bd6 26. Ne6 Qe7 27. c5+
Kb7 28. cxd6 Qxd6 29. Nc5+ Kb6 30. Rf7 Re7 31. Rdf1 Rge8 32. R1f3 a6 33. Rxe7
Qxe7 34. Qd7 1-0

[Event "Thüringenliga 2012/2013"]
[Site "?"]
[Date "2012.09.23"]
[Round "1"]
[White "Strauch, Martin"]
[Black "Janisch, Manfred"]
[Result "1/2-1/2"]
[WhiteElo "1772"]
[BlackElo "1774"]
[PlyCount "61"]
[EventDate "2012.??.??"]
[WhiteTeam "SV Empor Erfurt"]
[BlackTeam "Schachzirkel Elstertal Langenberg"]

1. e4 e6 2. d3 c5 3. Nf3 Nc6 4. g3 Be7 5. Bg2 Bf6 6. Qe2 d6 7. O-O Nge7 8. Nbd2
O-O 9. Re1 Ng6 10. c3 Qc7 11. a4 b6 12. h4 Ba6 13. Nh2 Nge5 14. Nc4 Nxc4 15.
dxc4 Rad8 16. Ng4 Be7 17. Ne3 Na5 18. Bd2 Rfe8 19. b4 Nb3 20. Rab1 Nxd2 21.
Qxd2 Bb7 22. b5 Qb8 23. Rbd1 Qa8 24. Qc2 Qb8 25. Rd2 f6 26. Red1 Qc7 27. Bh3
Bc8 28. Bg2 Bb7 29. Bh3 Bc8 30. Bf1 Bf8 31. Ng4 1/2-1/2

[Event "Thüringenliga 2012/2013"]
[Site "?"]
[Date "2012.11.04"]
[Round "2"]
[White "Buring, Matthias"]
[Black "Pähtz, Thomas"]
[Result "0-1"]
[WhiteElo "2063"]
[BlackElo "2335"]
[PlyCount "94"]
[EventDate "2012.??.??"]
[WhiteTeam "SG Arnstadt-Stadtilm"]
[BlackTeam "ESV Lok Sömmerda"]

1. d4 Nf6 2. c4 d6 3. Nc3 Nbd7 4. Nf3 e5 5. e3 g6 6. Be2 Bg7 7. O-O O-O 8. dxe5
dxe5 9. Qc2 c6 10. Bd2 Re8 11. Rad1 Qe7 12. e4 Nc5 13. b4 Ne6 14. Na4 Nf4 15.
Rfe1 Bg4 16. Bxf4 exf4 17. h3 Bxf3 18. Bxf3 Qxb4 19. Nb2 Nd7 20. Nd3 Qc3 21.
Qb1 Rab8 22. Nxf4 Ne5 23. Be2 Nxc4 24. Bxc4 Qxc4 25. Rd7 Bh6 26. g3 Bxf4 27.
gxf4 Qb5 28. Qa1 Red8 29. Red1 Rxd7 30. Rxd7 Re8 31. Qf6 Qb1+ 32. Kh2 Qxa2 33.
Kg3 Qe6 34. Qxe6 Rxe6 35. f3 b5 36. Rxa7 Kg7 37. Kf2 Rd6 38. Ke3 Rd1 39. e5 Kf8
40. Rc7 Rc1 41. Ke4 Rc4+ 42. Ke3 h5 43. Rb7 b4 44. f5 gxf5 45. Kd3 Rc3+ 46. Ke2
c5 47. Rb5 f4 0-1

[Event "Thüringenliga 2012/2013"]
[Site "?"]
[Date "2012.11.04"]
[Round "2"]
[White "Krüger, Rainer"]
[Black "Sauer, Marko"]
[Result "1/2-1/2"]
[WhiteElo "2088"]
[BlackElo "1978"]
[PlyCount "181"]
[EventDate "2012.??.??"]
[WhiteTeam "ESV Lok Sömmerda"]
[BlackTeam "SG Arnstadt-Stadtilm"]

1. d4 Nf6 2. Nf3 e6 3. g3 b6 4. Bg2 Bb7 5. O-O Be7 6. c4 d6 7. b3 Nbd7 8. Bb2
O-O 9. Re1 Rb8 10. Nc3 Ne4 11. Qd3 f5 12. Rad1 d5 13. Ne5 Nxe5 14. dxe5 Bc5 15.
e3 c6 16. f3 Nxc3 17. Bxc3 Ba6 18. b4 Bxc4 19. Qxc4 dxc4 20. Rxd8 Bxe3+ 21.
Rxe3 Rfxd8 22. f4 Rd3 23. Rxd3 cxd3 24. Bxc6 Rd8 25. Bd2 Rc8 26. b5 Rd8 27. Kf2
Rd4 28. a3 Rc4 29. Ke3 Rc2 30. Kxd3 Ra2 31. Bb4 Rxh2 32. a4 Rh3 33. Be1 g5 34.
fxg5 f4 35. Ke4 fxg3 36. Kf3 g2+ 37. Kxg2 Re3 38. Bg3 Ra3 39. Bf4 Rxa4 40. Kf3
a6 41. bxa6 Rxa6 42. Be3 Ra1 43. Bd7 Kf7 44. Bxb6 Rd1 45. Bc6 Rf1+ 46. Kg4 Re1
47. Kf4 Rf1+ 48. Bf3 Kg6 49. Be3 h6 50. gxh6 Kxh6 51. Ke4+ Kg6 52. Bg4 Kf7 53.
Bc5 Rc1 54. Bh5+ Kg7 55. Be3 Rc4+ 56. Bd4 Ra4 57. Be8 Ra8 58. Bc6 Ra6 59. Bb5
Ra5 60. Bc4 Kf7 61. Bc3 Ra8 62. Kd3 Rc8 63. Bb4 Rc6 64. Kd4 Rc8 65. Be2 Rc2 66.
Bh5+ Kg7 67. Be7 Rc1 68. Bg5 Rc2 69. Bf6+ Kf8 70. Bg6 Rc1 71. Bd3 Kf7 72. Bc4
Rc2 73. Bg5 Rg2 74. Be3 Rg3 75. Bd2 Rg2 76. Bc3 Rg3 77. Bb4 Rg5 78. Bd6 Rg8 79.
Kc5 Rc8+ 80. Kb5 Rh8 81. Kc6 Rh4 82. Be2 Rh2 83. Bf3 Rh3 84. Bg4 Rh6 85. Be2
Ke8 86. Kc7 Kf7 87. Kd7 Rh2 88. Bc4 Rh6 89. Bb3 Rg6 90. Bd1 Rh6 91. Bg4 1/2-1/2

[Event "Thüringenliga 2012/2013"]
[Site "?"]
[Date "2012.11.04"]
[Round "2"]
[White "Siegemund, Joachim"]
[Black "Schätz, Bianca"]
[Result "1/2-1/2"]
[WhiteElo "2033"]
[BlackElo "1892"]
[PlyCount "129"]
[EventDate "2012.??.??"]
[WhiteTeam "ESV Lok Sömmerda"]
[BlackTeam "SG Arnstadt-Stadtilm"]

1. c4 f5 2. Nc3 Nf6 3. d4 g6 4. g3 Bg7 5. Bg2 d6 6. e3 O-O 7. Nge2 Qe8 8. O-O
e5 9. b4 Qf7 10. Qb3 c6 11. Bb2 Nbd7 12. c5 Qxb3 13. axb3 exd4 14. exd4 d5 15.
b5 Ne4 16. b4 a6 17. bxc6 bxc6 18. b5 Nxc3 19. Bxc3 Bb7 20. bxc6 Bxc6 21. Nf4
Nf6 22. Ne6 Rf7 23. Rfe1 Ne4 24. Ba5 Bh6 25. Nd8 Rf6 26. Nxc6 Rxc6 27. Rab1 Bg7
28. Red1 Ra7 29. Bf1 Kf7 30. h4 g5 31. hxg5 Nxg5 32. Bg2 Ne4 33. Rb8 Bf6 34.
Kf1 h5 35. Rd3 h4 36. gxh4 Bxh4 37. Rh3 Bf6 38. Rh7+ Bg7 39. Rd8 Kg6 40. Rxg7+
Kxg7 41. Rxd5 Rf7 42. Rxf5 Rxf5 43. Bxe4 Rfxc5 44. dxc5 Rxc5 45. Bb6 Rh5 46.
Bd4+ Kf7 47. Ke2 a5 48. Kd3 Ke6 49. Kc4 Kd6 50. f3 Ke6 51. Bc3 Kd6 52. Bf6 Rc5+
53. Kd4 Rb5 54. Bd8 Rb4+ 55. Kc3 Rb5 56. Bh4 Rh5 57. Bg3+ Ke6 58. Kc4 Kf6 59.
Bc7 Ke6 60. Bc6 Rf5 61. Bb7 Kd7 62. Bb8 a4 63. Kb4 a3 64. Kxa3 Rb5 65. Bd5
1/2-1/2

[Event "Thüringenliga 2012/2013"]
[Site "?"]
[Date "2012.11.04"]
[Round "2"]
[White "Bächer, Reinhard"]
[Black "Kalisch, Michael"]
[Result "1/2-1/2"]
[WhiteElo "1852"]
[BlackElo "1912"]
[PlyCount "124"]
[EventDate "2012.??.??"]
[WhiteTeam "SG Arnstadt-Stadtilm"]
[BlackTeam "ESV Lok Sömmerda"]

1. d4 Nf6 2. Nf3 d5 3. c4 e6 4. Nc3 Be7 5. Bg5 O-O 6. e3 Nbd7 7. Rc1 a6 8. cxd5
exd5 9. Bd3 c6 10. O-O Re8 11. Qc2 Nf8 12. Ne5 Ng6 13. f4 Ng4 14. Bxe7 Qxe7 15.
Rf3 Nh6 16. Rg3 Qf6 17. Na4 Bf5 18. Nc5 Re7 19. Qb3 Bxd3 20. Qxd3 Qf5 21. Qb3
Qc8 22. Na4 Rb8 23. Qa3 Qe8 24. Nc5 f6 25. Nxg6 hxg6 26. Kf2 Qf7 27. Qd3 Kh7
28. Rc3 Rbe8 29. Qd2 Kg8 30. Rf3 Nf5 31. Rb3 Nd6 32. Qc1 Nc4 33. Rc3 Nd6 34.
Rd3 Ne4+ 35. Kg1 Nxc5 36. Qxc5 Qe6 37. Rg3 Qf5 38. Qc3 Kf7 39. Rf3 Qg4 40. Qe1
Rh8 41. h3 Qf5 42. Rb3 Qe4 43. Qc1 Rhe8 44. Rb6 Qd3 45. Rb3 Qe2 46. Rf2 Qh5 47.
Rf3 Qf5 48. Rc3 Qd7 49. a4 Qd6 50. Rc5 Re6 51. a5 Qe7 52. Kf2 Re4 53. Qd2 Qd6
54. g3 Rh8 55. Kg2 Qe6 56. g4 Re8 57. Rc3 Qd6 58. Rb3 R8e7 59. Qf2 Qd8 60. Qd2
Qe8 61. Rd3 Kg8 62. Qf2 Qd8 1/2-1/2

[Event "Thüringenliga 2012/2013"]
[Site "?"]
[Date "2012.11.04"]
[Round "2"]
[White "Walter, Bernd"]
[Black "Kühn, Martin"]
[Result "1/2-1/2"]
[WhiteElo "1812"]
[BlackElo "1940"]
[PlyCount "82"]
[EventDate "2012.??.??"]
[WhiteTeam "SG Arnstadt-Stadtilm"]
[BlackTeam "ESV Lok Sömmerda"]

1. e4 e6 2. d4 d5 3. e5 c5 4. c3 Nc6 5. Nf3 Bd7 6. Be2 Nge7 7. Na3 cxd4 8. cxd4
Nf5 9. Nc2 Be7 10. O-O O-O 11. Bd2 Qb6 12. Bc3 f6 13. exf6 Bxf6 14. Qd3 Be8 15.
Rfe1 Bg6 16. Qd2 Nd6 17. Bd3 Ne4 18. Qe3 Rae8 19. Re2 Ne7 20. Bxe4 Bxe4 21.
Nce1 Nf5 22. Qd2 Nh4 23. Nxh4 Bxh4 24. g3 Be7 25. Ba5 Qa6 26. a3 Bg5 27. f4 Bf6
28. Bc3 Rc8 29. Rd1 Rc4 30. Rf2 Qa4 31. Nf3 Rc7 32. Re1 Qe8 33. Qe3 Qh5 34. Nd2
Bf5 35. Nf3 Be4 36. Nd2 Bf5 37. Nf3 Rfc8 38. Rd2 Be4 39. Rf2 Be7 40. Nd2 Bf5
41. Nf3 Be4 1/2-1/2

[Event "Thüringenliga 2012/2013"]
[Site "?"]
[Date "2012.11.04"]
[Round "2"]
[White "Kirste, Olaf"]
[Black "Hoyer, Willy"]
[Result "1-0"]
[WhiteElo "1931"]
[BlackElo "1679"]
[PlyCount "47"]
[EventDate "2012.??.??"]
[WhiteTeam "ESV Lok Sömmerda"]
[BlackTeam "SG Arnstadt-Stadtilm"]

1. c4 c6 2. Nc3 d5 3. d4 e6 4. Nf3 Nf6 5. e3 Nbd7 6. Bd3 Bd6 7. O-O O-O 8. e4
dxe4 9. Nxe4 Nxe4 10. Bxe4 Nf6 11. Bc2 c5 12. Bg5 Be7 13. Qd3 g6 14. Rad1 cxd4
15. Qxd4 Qxd4 16. Rxd4 Kg7 17. Rfd1 a5 18. Ba4 b6 19. Bc6 Ra7 20. Ne5 Rc7 21.
Bb5 h6 22. Bh4 g5 23. Bg3 Rc5 24. Nc6 1-0

[Event "Thüringenliga 2012/2013"]
[Site "?"]
[Date "2012.11.04"]
[Round "2"]
[White "Müller, Michael"]
[Black "Mehlhorn, Uwe"]
[Result "1-0"]
[WhiteElo "2179"]
[BlackElo "2104"]
[PlyCount "111"]
[EventDate "2012.??.??"]
[WhiteTeam "SSV Vimaria 91 Weimar"]
[BlackTeam "Ilmenauer SV"]

1. d4 d6 2. g3 e5 3. c3 Be7 4. Bg2 c6 5. e4 Nf6 6. Ne2 O-O 7. O-O Bg4 8. h3
Bxe2 9. Qxe2 Re8 10. Be3 Bf8 11. dxe5 dxe5 12. Nd2 Nbd7 13. Rfd1 Qc7 14. g4 Nc5
15. g5 Nfd7 16. a4 a5 17. Nc4 Reb8 18. h4 Nb3 19. Rxd7 Qxd7 20. Nb6 Qe6 21. Rd1
Ra6 22. Nd7 Re8 23. Kh2 Nd4 24. Nxf8 Nxe2 25. Nxe6 fxe6 26. Bf1 Nf4 27. Bxa6
bxa6 28. Kg3 Rb8 29. Rd2 Rf8 30. b4 axb4 31. cxb4 Rb8 32. Bc5 a5 33. bxa5 Ra8
34. Bb6 Kf7 35. Kg4 Ke7 36. Bc7 Ng6 37. h5 Nf8 38. Rc2 g6 39. Rxc6 Kd7 40. Rc3
gxh5+ 41. Kxh5 Ng6 42. Bb6 Nf4+ 43. Kg4 Kd6 44. Bc7+ Kd7 45. Bxe5 Ng6 46. Rd3+
Kc6 47. Rd6+ Kc5 48. Rxe6 Rxa5 49. Bg3 Rxa4 50. f4 Ra8 51. f5 Nf8 52. Bf2+ Kc4
53. Rd6 Ra2 54. Kf3 Ra3+ 55. Be3 Ra8 56. e5 1-0

[Event "Thüringenliga 2012/2013"]
[Site "?"]
[Date "2012.11.04"]
[Round "2"]
[White "Sukaylo, Aleksey"]
[Black "Günther, Andreas"]
[Result "0-1"]
[WhiteElo "2008"]
[BlackElo "2091"]
[PlyCount "94"]
[EventDate "2012.??.??"]
[WhiteTeam "Ilmenauer SV"]
[BlackTeam "SSV Vimaria 91 Weimar"]

1. e4 d5 2. exd5 Qxd5 3. Nc3 Qa5 4. d4 Nf6 5. Bc4 Bg4 6. Nf3 Nc6 7. O-O O-O-O
8. Be3 Nxd4 9. Bxd4 e5 10. Bxf7 Rxd4 11. Qe2 Bxf3 12. Qxf3 Bd6 13. Qg3 g6 14.
Qh3+ Kb8 15. Bxg6 Qb4 16. a3 Qc4 17. Bd3 Qg8 18. Nb5 Rf4 19. Nxd6 cxd6 20. Rfe1
Qf7 21. f3 Rg8 22. Rad1 Rg5 23. Re2 Kc7 24. c4 Rd4 25. b3 Nh5 26. Re4 Nf4 27.
Rxf4 exf4 28. Qh4 Qe7 29. Qf2 Qe3 30. Bc2 Rxd1+ 31. Bxd1 Qxf2+ 32. Kxf2 Kc6 33.
Bc2 a6 34. g4 Kc5 35. h4 Rg7 36. Be4 Kd4 37. Ke2 Kc3 38. Bd5 b6 39. b4 a5 40.
bxa5 bxa5 41. a4 Re7+ 42. Kd1 Kd3 43. Kc1 Re2 44. Kb1 Kc3 45. Bf7 Rg2 46. Be6
Kb4 47. Bf7 Kxa4 0-1